Microcomputer Systems: The 8086/8088 Family (Record no. 210)

MARC details
000 -LEADER
fixed length control field 00428nam a22001697a 4500
005 - DATE AND TIME OF LATEST TRANSACTION
control field 20160428171229.0
008 - FIXED-LENGTH DATA ELEMENTS--GENERAL INFORMATION
fixed length control field 160428b xxu||||| |||| 00| 0 eng d
020 ## - INTERNATIONAL STANDARD BOOK NUMBER
ISBN 81-2030409-8
041 ## - LANGUAGE CODE
Language code of text/sound track or separate title eng
082 ## - DEWEY DECIMAL CLASSIFICATION NUMBER
Item number 00725
100 ## - MAIN ENTRY--AUTHOR NAME
Personal name Liu,Yu-Cheng
245 ## - TITLE STATEMENT
Title Microcomputer Systems: The 8086/8088 Family
260 ## - PUBLICATION, DISTRIBUTION, ETC. (IMPRINT)
Place of publication New Delhi
Name of publisher PHI Pvt Ltd.
Year of publication 2004
300 ## - PHYSICAL DESCRIPTION
Number of Pages 623
650 ## - SUBJECT ADDED ENTRY--TOPICAL TERM
Topical Term Information Technology
942 ## - ADDED ENTRY ELEMENTS (KOHA)
Koha item type Books
Holdings
Lost status Damaged status Collection code Home library Current library Shelving location Date acquired Source of acquisition Cost, normal purchase price Full call number Accession Number Koha item type
    CS/IT JRU Library JRU Library SHELF-48-J 28/04/2016 PURCHASE 225.00 004.165 00725 Books
    CS/IT JRU Library JRU Library SHELF-48-J 28/04/2016 PURCHASE 225.00 004.165 00726 Books
    CS/IT JRU Library JRU Library SHELF-48-J 28/04/2016 PURCHASE 225.00 004.165 00727 Books
    CS/IT JRU Library JRU Library SHELF-48-J 28/04/2016 PURCHASE 225.00 004.165 00728 Books